| 000 | 01130nam a2200253 a 4500 | ||
|---|---|---|---|
| 001 | 000046343 | ||
| 005 | 20240510192657.0 | ||
| 008 | 150731s2014 xx c r 000 0 spa d | ||
| 040 |
_aDO-SdBNP _bspa _cBNPHU |
||
| 082 |
_a333.7 _bH117d |
||
| 245 | 0 | 0 |
_aHacia el desarrollo sostenible y la economía verde en la República Dominicana : _bcontexto nacional e internacional, legislación y guía práctica para la empresa y el hogar / _cdirección de proyecto Natasha Despotovic ; coordinación del contenido María Victoria Abreu. |
| 260 |
_aWashington, D.C. : _bFUNGLODE, _c2014. |
||
| 300 |
_a84 p. : _bil., retrs. ; _c20 cm. |
||
| 500 | _aIncluye referencias bibliográficas y notas al pie de las paginas | ||
| 504 | _aBibliografía : p. 83-84 | ||
| 590 | _aInventariado, 2018/MFF | ||
| 650 | 4 |
_aDesarrollo sostenible _9901 |
|
| 650 | 0 |
_aMedio ambiente _99250 |
|
| 650 | 4 |
_aEstratégias para el desarrollo _93099 |
|
| 700 | 1 | 2 |
_aDespotovic, Natasha _974370 |
| 700 | 1 | 2 |
_aAbreu, María Victoria _ecoordinadora _974371 |
| 710 | 2 |
_aFundación Global Democracía y Desarrollo _925477 |
|
| 910 | _aValidado. Control de calidad. MFF | ||
| 999 |
_c45832 _d45832 |
||